| 000 | 01159nam a2200241Ia 4500 | ||
|---|---|---|---|
| 001 | 16629 | ||
| 003 | GE_BSU | ||
| 008 | 181216s||||||||xx |||||||||||||| ||und|| | ||
| 040 | _cGE_BSU | ||
| 080 | _a355.1(479.22)(09) | ||
| 100 | _aმექვაბიშვილი, ვ. | ||
| 245 | _aსაბრძოლო თანამეგობრობა | ||
| 245 | _bნარკვევი წითელი არმიის ქართული ნაწილების შექმნის ისტორიიდან | ||
| 245 | _cრედ. მ.იაშვილი. მხ.დ.გრიგოლია | ||
| 260 | _aთბილისი | ||
| 260 | _bსაბჭ. საქართველო | ||
| 260 | _c1972 | ||
| 300 | _a127გვ. : ილ. 6 ფ. ილ. ; 20სმ. | ||
| 653 | _aნარკვევი წითელი არმიის ქართული ნაწილების შექმნის ისტორიიდან | ||
| 653 | _aსაბრძოლო თანამეგობრობა | ||
| 653 | _aქართული არმიის ისტორია | ||
| 942 | _cBK | ||
| 999 |
_c49695 _d49695 |
||